|
|
|
|
| LEADER |
00000nam0a2200000 4500 |
| 001 |
36229 |
| 005 |
20231101210346.0 |
| 035 |
|
|
|a (RuTPU)RU\TPU\book\36699
|
| 035 |
|
|
|a BOOK00003351
|
| 090 |
|
|
|a 36229
|
| 100 |
|
|
|a 20011210d1978 m y0rusy50 ca
|
| 101 |
0 |
|
|a rus
|
| 102 |
|
|
|a RU
|
| 105 |
|
|
|a a j 001zy
|
| 200 |
1 |
|
|a Физикохимия полимеров
|e учебное пособие
|f А. А. Тагер
|
| 205 |
|
|
|a 3-е изд., перераб.
|
| 210 |
|
|
|a Москва
|c Химия
|d 1978
|
| 215 |
|
|
|a 544 с.
|c ил.
|
| 320 |
|
|
|a Предм. указ.: с. 532-544
|
| 330 |
|
|
|a В книге изложены основы физикохимии полимеров — современные представления о фазовых и физических состояниях полимеров и фазовых переходах, о надмолекулярной структуре полимеров .и методах ее исследования, о механических, реологических и электрических свойствах полимеров. Большое внимание уделено теории растворов полимеров. Отдельные главы посвящены пластификации, смесям полимеров, проницаемости, методам определения молекулярных масс, размеров и гибкости макромолекул. Учебное пособие переработано в соответствии с новой программой курса (2-е издание вышло в 1968 г.). Книга предназначается в качестве учебного пособия для студентов химических факультетов университетов и химико-технологических вузов. Она может быть полезна аспирантам, научным и инженерно-техническим работникам.
|
| 606 |
1 |
|
|a Полимеры
|x Свойства
|2 stltpush
|3 (RuTPU)RU\TPU\subj\70989
|9 85110
|
| 610 |
1 |
|
|a химия
|
| 610 |
1 |
|
|a физико-химические свойства
|
| 610 |
1 |
|
|a строение
|
| 610 |
1 |
|
|a теория
|
| 610 |
1 |
|
|a учебные пособия
|
| 610 |
1 |
|
|a библиотека А. Г. Стромберга
|
| 675 |
|
|
|a 678.01(075.8)
|v 4
|
| 700 |
|
1 |
|a Тагер
|b А. А.
|g Анна Александровна
|
| 801 |
|
0 |
|a RU
|b 63413507
|c 20011210
|g PSBO
|
| 801 |
|
2 |
|a RU
|b 63413507
|c 20180424
|g PSBO
|
| 900 |
|
|
|a Химия и физика высокомолекулярных соединений
|
| 942 |
|
|
|c BK
|